Loading...
Science - Physics | 0 | 8 | 0 | 1 | 80 | 60 | 125.38 | 0 | 1 |
Social Science | 0 | 3 | 0 | 0 | 30 | 124 | 131.33 | 0 | 0 |
Mythology | 0 | 3 | 1 | 0 | 25 | 112 | 123.67 | 0 | 0 |
History - Other History | 0 | 3 | 1 | 0 | 25 | 109 | 126.67 | 0 | 0 |
Science - Other Science | 0 | 3 | 1 | 2 | 25 | 127 | 131.33 | 0 | 0 |
Science - Biology | 0 | 2 | 0 | 1 | 20 | 79 | 108.00 | 0 | 1 |
Literature - European Literature | 0 | 2 | 0 | 1 | 20 | 140 | 149.00 | 0 | 0 |
Literature - World Literature | 0 | 2 | 0 | 0 | 20 | 153 | 158.00 | 0 | 0 |
History - World History | 0 | 2 | 0 | 0 | 20 | 81 | 104.00 | 0 | 0 |
Religion | 0 | 2 | 0 | 0 | 20 | 112 | 112.00 | 0 | 0 |
Philosophy | 0 | 2 | 1 | 0 | 15 | 90 | 102.00 | 0 | 1 |
History - American History | 0 | 2 | 1 | 0 | 15 | 112 | 128.50 | 0 | 0 |
History - European History | 0 | 3 | 3 | 2 | 15 | 109 | 136.67 | 0 | 0 |
Literature - American Literature | 0 | 1 | 0 | 0 | 10 | 145 | 145.00 | 0 | 0 |
Literature - British Literature | 0 | 2 | 2 | 1 | 10 | 149 | 149.00 | 0 | 0 |
Other Academic | 0 | 1 | 1 | 1 | 5 | 146 | 146.00 | 0 | 0 |
Science - Chemistry | 0 | 1 | 1 | 0 | 5 | 96 | 96.00 | 0 | 1 |